Von welchem YouTuber kommt dieser Videotitel - Statistiken

Allgemein
  • Dieses Quiz wurde 379 mal gespielt
  • Das Durchschnittsergebnis liegt bei 4 aus 15
Antwortstatistiken
Hint Antwort % Korrekt
JULIEN BAM - Das Spiel ist aus Rewinside
71%
Wir machen DÖNER selber... (leider mit Zabex) Papaplatte
67%
Das Ende beginnt. (Trailer) Julien Bam
66%
Ich pranke Papaplatte & Reeze in 7 vs. Wild LetsHugo
44%
Paletten denkt komisch von mir... Mexify +
44%
Lernt die Frau endlich was eine Prise ist? Reved
32%
TikTok COACHES machen mich REICH... Renzo
25%
Hier ziehen wir ein - unsere neue Wohnung 😍 BibisBeautyPalace
20%
DER MONOPOLY CHAMPION IST ZURÜCK? (XXL RUNDE) Bastian
19%
Bitte hilf uns doch mit einem kleinen Massenmord!! Gronkh
14%
10.000€ HIDE and SEEK im SPIELEPARADIES! 😱 iCrimax
10%
MONTE SEIN AMG UnsympatischTV
10%
ICH WURDE UM 400€ IN LONDON GESCAMMT Fibii
8%
Wasserschaden im HAUS!😱 Tour durch Europa?🤔 Die Crew
3%
MEIN ENDE in Minecraft FREUNDE Benz
1%
Keine übereinstimmenden Quizze gefunden
Verteilung der Resultate
Anzahl Personen mit jedem Resultat
Perzentil nach korrekt beantworteten Fragen
Ihre Resultats-Entwicklung
Sie haben dieses Quiz noch nicht gespielt